The Japan of today. (Record no. 130741)
[ view plain ]
| 000 -LEADER | |
|---|---|
| fixed length control field | 00729cam5a220020500 4500 |
| 001 - CONTROL NUMBER | |
| control field | tmp15831164 |
| 003 - CONTROL NUMBER IDENTIFIER | |
| control field | UPRA |
| 005 - DATE AND TIME OF LATEST TRANSACTION | |
| control field | 20190822104553.0 |
| 008 - FIXED-LENGTH DATA ELEMENTS--GENERAL INFORMATION | |
| fixed length control field | 951106s1962 ja eng u |
| 035 ## - SYSTEM CONTROL NUMBER | |
| System control number | (Sirsi) r93386 |
| 035 ## - SYSTEM CONTROL NUMBER | |
| System control number | (UPRA)tmp15831164 |
| 040 ## - CATALOGING SOURCE | |
| Transcribing agency | UPRA |
| 110 1# - MAIN ENTRY--CORPORATE NAME | |
| Subordinate unit | Gaimusho. |
| -- | Joho Bunkakyoku. |
| Linkage | A52135.1 |
| 245 14 - TITLE STATEMENT | |
| Title | The Japan of today. |
| 260 ## - PUBLICATION, DISTRIBUTION, ETC. | |
| Place of publication, distribution, etc. | [Tokyo : |
| Name of publisher, distributor, etc. | Public Information & Cultural Affairs Bureau : Ministry of Foreign Affairs, |
| -- | Public Information & Cultural Affairs Bureau : Ministry of Foreign Affairs, |
| Date of publication, distribution, etc. | [1962] |
| 651 #0 - SUBJECT ADDED ENTRY--GEOGRAPHIC NAME | |
| Geographic name | Japan -- Description and travel. |
| General subdivision | Japan -- Description and travel. |
| Linkage | S28943.1 |
| 949 ## - LOCAL PROCESSING INFORMATION (OCLC) | |
| a | DS811 |
| w | lcc |
| m | MAIN |
| t | BOOK |
| l | ON-SHELF |
| 987 ## - LOCAL ROMANIZATION/CONVERSION HISTORY (OCLC) | |
| Romanization/conversion identifier | WITHDRAWN |
No items available.